000 01223nam a2200361 i 4500
001 30188
003 KOSZ 005
005 20200729130052.0
008 s1993 pl f |000 0 pol
040 _cKOSZ 005
_aKOSZ 005
_dKOSZ 005/EG
041 0 _aplen
080 _a657
080 _a(03)
100 1 _aEljasiak, Ewa
_d(1967- )
_eAutor
245 1 0 _aAngielsko-polski, polsko-angielski leksykon rachunkowości /
_cEwa Eljasiak.
260 _aGdańsk :
_bOśrodek Doradztwa i Doskonalenia Kadr,
_c1993.
300 _a163 s. ;
_c21 cm.
336 _2rdacontent
_aTekst
_btxt
337 _2rdamedia
_aBez urządzenia pośredniczącego
_bn
338 _2rdacarrier
_aWolumin
_bnc
380 _aKsiążki
388 _a1901-2000
388 _a1989-2000
650 7 _aRachunkowość
650 7 _aTerminologia
655 7 _aSłownik angielsko-polski
655 7 _aSłownik polsko-angielski
658 _aJęzykoznawstwo
658 _aGospodarka, ekonomia, finanse
710 2 _aOśrodek Doradztwa i Doskonalenia Kadr (Gdańsk)
_4pbl
856 _uhttp://koha.tu.koszalin.pl/cgi-bin/koha/opac-detail.pl?biblionumber=30188
_yKatalog online BPK
942 _cKS
_2UKD
999 _c30188
_d30188